• 首页
  • 本馆介绍
  • 公告通知
  • 最新文献
  • 馆藏检索
  • 电子资源
  • 读者导购
  • 参考咨询
  • 我的图书馆
  • 登录
  • 详细信息显示
  • 放入我的书架
  • 预约/预借图书
  • 作者相关作品
  • 分类相关作品
  • 丛书相关作品
  • 出版社相关作品

书目信息

  • 表格格式
  • 工作单格式
  • 卡片格式
题名:
电梯英语立体化教程
    
 
作者: 肖青 , 邹娟娟 主编
分册:  
出版信息: 北京   北京理工大学出版社  2016
页数: 304页
开本: 26cm
丛书名:
单 册:
中图分类: TH211
科图分类:
主题词: 电梯--英语--教材
电子资源:
ISBN: 978-7-5682-3084-1
000 01041nam0 2200229 450
001 2353792028
005 20231202145703.60
010    @a978-7-5682-3084-1@dCNY52.00
100    @a20160923d2016 em y0chiy50 ea
101 0  @achi@aeng
102    @aCN@b110000
105    @aak z 000yy
200 1  @a电梯英语立体化教程@Adian ti ying yu li ti hua jiao cheng@f主编肖青, 邹娟娟
210    @a北京@c北京理工大学出版社@d2016
215    @a304页@c图@d26cm
330    @a《电梯英语立体化教程》是一本针对大中专生院校电梯工程技术专业, 或从事电梯行业工作的人员迅速提高电梯行业英语水平, 了解电梯行业历史及发展动态, 熟悉电梯典型类型及维修检测指南, 解读电梯安装过程及安装管理安全条例, 熟练使用电梯行业英语, 掌握电梯从业人员工作岗位需要用到的专业英语而编写的专业英语教材。本书选材权威, 内容新颖, 所涉及知识系统全面, 课后习题丰富, 附录词库实用, 具有重要的参考价值。
606 0  @a电梯@x英语@j教材
690    @aTH211@v5
701  0 @a肖青@Axiao qing@4主编
701  0 @a邹娟娟@Azhou juan juan@4主编
801  0 @aCN@b湖北三新@c20160923
905    @aBZT@dTH211@e3
    
    电梯英语立体化教程/主编肖青, 邹娟娟.-北京:北京理工大学出版社,2016
    304页:图;26cm
    
    
    ISBN 978-7-5682-3084-1:CNY52.00
    《电梯英语立体化教程》是一本针对大中专生院校电梯工程技术专业, 或从事电梯行业工作的人员迅速提高电梯行业英语水平, 了解电梯行业历史及发展动态, 熟悉电梯典型类型及维修检测指南, 解读电梯安装过程及安装管理安全条例, 熟练使用电梯行业英语, 掌握电梯从业人员工作岗位需要用到的专业英语而编写的专业英语教材。本书选材权威, 内容新颖, 所涉及知识系统全面, 课后习题丰富, 附录词库实用, 具有重要的参考价值。
●
相关链接 在五车中查询图书 在当当中查询图书 在豆瓣中查询图书


正题名:电梯英语立体化教程     索取号:TH211/3         预约/预借

序号 登录号 条形码 馆藏地/架位号 状态 备注
1 2001295054   2001295054   三新/湖北三新(第三批)/1071/ [索取号:TH211/3] 在馆    
2 2001295055   2001295055   三新/湖北三新(第三批)/1071/ [索取号:TH211/3] 在馆    
3 2001295056   2001295056   三新/湖北三新(第三批)/1071/ [索取号:TH211/3] 在馆    
4 2001295057   2001295057   三新/湖北三新(第三批)/1071/ [索取号:TH211/3] 在馆    
5 2001295058   2001295058   三新/湖北三新(第三批)/1071/ [索取号:TH211/3] 在馆    
6 2001295059   2001295059   三新/湖北三新(第三批)/1071/ [索取号:TH211/3] 在馆    
7 2001295060   2001295060   三新/湖北三新(第三批)/1071/ [索取号:TH211/3] 在馆    
8 2001295061   2001295061   三新/湖北三新(第三批)/1071/ [索取号:TH211/3] 在馆    
9 2001295062   2001295062   三新/湖北三新(第三批)/1071/ [索取号:TH211/3] 在馆    
10 2001295063   2001295063   三新/湖北三新(第三批)/1071/ [索取号:TH211/3] 在馆    
11 2001295064   2001295064   三新/湖北三新(第三批)/1071/ [索取号:TH211/3] 在馆    
12 2001295065   2001295065   三新/湖北三新(第三批)/1071/ [索取号:TH211/3] 在馆    
13 2001295066   2001295066   三新/湖北三新(第三批)/1071/ [索取号:TH211/3] 在馆    
14 2001295067   2001295067   三新/湖北三新(第三批)/1071/ [索取号:TH211/3] 在馆    
15 2001295068   2001295068   三新/湖北三新(第三批)/1071/ [索取号:TH211/3] 在馆    
16 2001295069   2001295069   三新/湖北三新(第三批)/1071/ [索取号:TH211/3] 在馆    
17 2001295070   2001295070   三新/湖北三新(第三批)/1071/ [索取号:TH211/3] 在馆    
18 2001295071   2001295071   三新/湖北三新(第三批)/1071/ [索取号:TH211/3] 在馆    
19 2001295072   2001295072   三新/湖北三新(第三批)/1071/ [索取号:TH211/3] 在馆    
山东省滨州职业学院图书馆 欢迎您!
大连网信软件有限公司© 版权所有